Catalog

Record Details

Catalog Search



Breathing lessons Cover Image CD Audiobook CD Audiobook

Breathing lessons [sound recording] / Anne Tyler.

Tyler, Anne. (Author). Toren, Suzanne. (Narrator).

Summary:

"Maggie and Ira Moran have been married for twenty-eight years - and it shows: in their quarrels, in their routines, in their ability to tolerate with affection each other's eccentricities. Maggie, a kooky, lovable meddler and an irrepressible optimist, wants nothing more than to fix her son's broken marriage. Ira is infuriatingly practical, a man "who should have married Ann Landers." What begins as a day trip to a funeral becomes an adventure in the unexpected. As Maggie and Ira navigate the riotous twists and turns, they intersect with an assorted cast of eccentrics - and rediscover the magic of the road called life and the joy of having somebody next to you to share the ride --- bumps and all"--Container.

Record details

  • ISBN: 9781455883455
  • ISBN: 145588345X
  • ISBN: 9781455883837 (library ed.)
  • ISBN: 1455883832 (library ed.)
  • Physical Description: 11 sound discs (12 hr., 34 min.) : digital ; 4 3/4 in.
  • Edition: Unabridged.
  • Publisher: Grand Haven, Mich. : Brilliance Audio, [2012] ; p2011.

Content descriptions

General Note:
Compact discs.
Participant or Performer Note:
Performed by Suzanne Toren.
Awards Note:
Pulitzer prize for fiction; 1989.
Subject: Spouses > Fiction.
Married people > Maryland > Baltimore > Fiction.
Automobile travel > Fiction.
Funeral rites and ceremonies > Pennsylvania > Fiction.
Baltimore (Md.) > Fiction.
Pennsylvania > Fiction.
Genre: Melodramatic fiction.
Road fiction.
Audiobooks.
Audiobooks collection > Fiction.

Available copies

  • 1 of 1 copy available at scottsboropl.

Holds

  • 0 current holds with 1 total copy.
Show Only Available Copies
Location Call Number / Copy Notes Barcode Shelving Location Status Due Date
scottsboropl BK/CD Tyl 32269000917388 Adult - Audiobook Available -

LDR 02360nim a2200481Ka 4500
001135957
003CONS
00520140703073309.0
007sd fungnnmmneu
008120919p20122011miunnnne f n eng d
020 . ‡a9781455883455
020 . ‡a145588345X
020 . ‡a9781455883837 (library ed.)
020 . ‡a1455883832 (library ed.)
035 . ‡a(CPomAG)LMN562148
050 4. ‡aPS3570.Y45 ‡bB74 2012ab
08204. ‡a813/.54 ‡223
1001 . ‡aTyler, Anne.
24510. ‡aBreathing lessons ‡h[sound recording] / ‡cAnne Tyler.
250 . ‡aUnabridged.
260 . ‡aGrand Haven, Mich. : ‡bBrilliance Audio, ‡c[2012] ; p2011.
300 . ‡a11 sound discs (12 hr., 34 min.) : ‡bdigital ; ‡c4 3/4 in.
306 . ‡a123400
4901 . ‡aBrillianceAudio on compact disc
500 . ‡aCompact discs.
5110 . ‡aPerformed by Suzanne Toren.
520 . ‡a"Maggie and Ira Moran have been married for twenty-eight years - and it shows: in their quarrels, in their routines, in their ability to tolerate with affection each other's eccentricities. Maggie, a kooky, lovable meddler and an irrepressible optimist, wants nothing more than to fix her son's broken marriage. Ira is infuriatingly practical, a man "who should have married Ann Landers." What begins as a day trip to a funeral becomes an adventure in the unexpected. As Maggie and Ira navigate the riotous twists and turns, they intersect with an assorted cast of eccentrics - and rediscover the magic of the road called life and the joy of having somebody next to you to share the ride --- bumps and all"--Container.
586 . ‡aPulitzer prize for fiction; 1989.
650 0. ‡aSpouses ‡vFiction.
650 0. ‡aMarried people ‡zMaryland ‡zBaltimore ‡vFiction.
650 0. ‡aAutomobile travel ‡vFiction.
650 0. ‡aFuneral rites and ceremonies ‡zPennsylvania ‡vFiction.
651 0. ‡aBaltimore (Md.) ‡vFiction.
651 0. ‡aPennsylvania ‡vFiction.
655 7. ‡aMelodramatic fiction. ‡2gsafd
655 7. ‡aRoad fiction. ‡2gsafd
655 7. ‡aAudiobooks. ‡2lcgft
655 7. ‡aAudiobooks collection ‡vFiction. ‡2local
7001 . ‡aToren, Suzanne. ‡4nrt
830 0. ‡aBrilliance Audio on compact disc.
914 . ‡aSCP_jd
959 . ‡i32269000917388 ‡lBK/CD Tyl ‡aAdult - Audiobook ‡tAudiobook ‡g30.00
852 . ‡p32269000917388 ‡jBK/CD Tyl ‡gAdult - Audiobook ‡cAudiobook ‡y30.00 ‡bSBPL
901 . ‡a135957 ‡bUnknown ‡c135957 ‡tbiblio

Additional Resources